000 00594nam a2200169 4500
999 _c16550
_d16550
008 220224b ||||| |||| 00| 0 eng d
022 _a0091-4169
082 _aDPer 364.05 J82 2010 vol. 100 no. 2
100 _aAbbott, Grace.
_944073
245 _aThe treatment of aliens in the criminal courts/
_cGrace Abbott.
260 _aEvanston:
_bNorthwestern University Press,
_cc2010.
300 _av100 n2, pages 331-346:
_c25 cm.
500 _aThe Journal of Criminal Law and Criminology.
650 _aCourts.
_944074
650 _aAdministration of criminal justice.
_944075
942 _2ddc
_cPER